Presidentes de la Comunidad de Madrid - Estadísticas

Estadísticas generales
  • Esta prueba ha sido intentada 46 veces
  • La puntuación promedio es 5 de 8
Estadísticas de respuestas
Período Presidente % Correcto
2019-Act. Isabel Díaz Ayuso
100%
2003-2012 Esperanza Aguirre
98%
2015-2018 Cristina Cifuentes
84%
1995-2003 Alberto Ruiz-Gallardón
51%
2012-2015 Ignacio González
47%
1983-1995 Joaquín Leguina
44%
2019 Pedro Rollán
35%
2018-2019 Ángel Garrido
33%
No se encontraron pruebas coincidentes
Distribución de puntuación
Porcentaje de gente con cada puntuación
Porcentaje por número respondido
Historial de tus puntuaciones
No has intentado esta prueba.